<?xml version="1.0" encoding="UTF-8"?>
<record
    xmlns:xsi="http://www.w3.org/2001/XMLSchema-instance"
    xsi:schemaLocation="http://www.loc.gov/MARC21/slim http://www.loc.gov/standards/marcxml/schema/MARC21slim.xsd"
    xmlns="http://www.loc.gov/MARC21/slim">

  <leader>03277fam a2200265 a 4500</leader>
  <datafield tag="020" ind1=" " ind2=" ">
    <subfield code="a">0751401269 (acidfree)</subfield>
  </datafield>
  <datafield tag="082" ind1="0" ind2="0">
    <subfield code="a">547.2 NOR</subfield>
  </datafield>
  <datafield tag="100" ind1="1" ind2=" ">
    <subfield code="a">Norman, R. O. C.</subfield>
  </datafield>
  <datafield tag="245" ind1="1" ind2="0">
    <subfield code="a">Principles of organic synthesis.</subfield>
  </datafield>
  <datafield tag="250" ind1=" " ind2=" ">
    <subfield code="a">3rd ed. /</subfield>
  </datafield>
  <datafield tag="260" ind1=" " ind2=" ">
    <subfield code="a">London ;</subfield>
    <subfield code="a">New York :</subfield>
    <subfield code="b">Blackie Academic &amp; Professional,</subfield>
    <subfield code="c">1993.</subfield>
  </datafield>
  <datafield tag="300" ind1=" " ind2=" ">
    <subfield code="a">xv, 811 p. :</subfield>
    <subfield code="b">ill. ;</subfield>
  </datafield>
  <datafield tag="500" ind1=" " ind2=" ">
    <subfield code="a">Includes index.</subfield>
  </datafield>
  <datafield tag="505" ind1="2" ind2=" ">
    <subfield code="a">1. Chemical thermodynamics -- 2. Molecular structure -- 3. Chemical kinetics -- 4. Mechanism -- 5. Stereochemistry -- 6. Formation of carbon-carbon bonds: organometallic reagents -- 7. Formation of aliphatic carbon-carbon bonds: base-catalyzed reactions -- 8. Formation of aliphatic carbon-carbon bonds: acid-catalyzed reactions -- 9. Pericyclic reactions -- 10. Formation of aliphatic carbon-nitrogen bonds -- 11. Electrophilic aromatic substitution -- 12. Nucleophilic aromatic substitution -- 13. Aromatic diazonium salts -- 14. Molecular rearrangements -- 15. Reagents containing phosphorus, sulfur, silicon or boron -- 16. Photochemical reactions -- 17. Free-radical reactions -- 18. Organotransition metal reagents -- 19. Oxidation -- 20. Reduction -- 21. The synthesis of five- and six-membered heterocyclic compounds -- 22. The syntheses of some naturally occurring compounds.</subfield>
  </datafield>
  <datafield tag="520" ind1=" " ind2=" ">
    <subfield code="a">The purpose of this book is to show how mechanistic principles can be applied both to acquiring a knowledge of organic synthetic processes and to planning the construction of organic compounds. It is designed for those who have had no more than a brief introduction to organic chemistry and who require a broad understanding of the subject.</subfield>
  </datafield>
  <datafield tag="520" ind1="8" ind2=" ">
    <subfield code="a">The book is in two parts. In Part I, reaction mechanism is set in its wider context of the basic principles and concepts that underlie chemical reactions: chemical thermodynamics, structural theory, theories of reaction kinetics, mechanism itself, and stereochemistry.</subfield>
  </datafield>
  <datafield tag="520" ind1="8" ind2=" ">
    <subfield code="a">In Part II, these principles and concepts are applied to the formation of particular types of bonds, groupings, and compounds: for example, how small molecules can be built on to give larger ones by the construction of new carbon-carbon bonds, or how one functional group can be transformed into another. The final chapter in Part II describes the planning and detailed execution of the multi-step syntheses of several complex naturally occurring compounds</subfield>
  </datafield>
  <datafield tag="520" ind1="8" ind2=" ">
    <subfield code="a">.</subfield>
  </datafield>
  <datafield tag="520" ind1="8" ind2=" ">
    <subfield code="a">There have been numerous important developments since the second edition of this book was published 15 years ago, and every chapter has been brought up to date to include them.</subfield>
  </datafield>
  <datafield tag="520" ind1="8" ind2=" ">
    <subfield code="a">Among the more notable are: the stereochemical control of reactions, reflecting the need to synthesize efficiently compounds with several asymmetric centres; the use of organotransition-metal reagents, leading to a new chapter; the exploitation of lithium diisopropylamide (LDA) as a base in the formation of new C-C bonds; free-radical reactions for the synthesis of C-C bonds; uses of organosilicon compounds; and subtle new protective and condensing reagents in polypeptide synthesis.</subfield>
  </datafield>
  <datafield tag="520" ind1="8" ind2=" ">
    <subfield code="a">The text is extensively cross-referenced and a detailed index is included.</subfield>
  </datafield>
  <datafield tag="650" ind1=" " ind2="0">
    <subfield code="a">Organic compounds</subfield>
  </datafield>
  <datafield tag="700" ind1="1" ind2=" ">
    <subfield code="a">Coxon, J. M.</subfield>
  </datafield>
  <datafield tag="942" ind1=" " ind2=" ">
    <subfield code="c">REF</subfield>
  </datafield>
  <datafield tag="999" ind1=" " ind2=" ">
    <subfield code="c">3773</subfield>
    <subfield code="d">3773</subfield>
  </datafield>
  <datafield tag="952" ind1=" " ind2=" ">
    <subfield code="0">0</subfield>
    <subfield code="1">0</subfield>
    <subfield code="7">0</subfield>
    <subfield code="8">NFIC</subfield>
    <subfield code="a">IC</subfield>
    <subfield code="b">IC</subfield>
    <subfield code="c">GEN</subfield>
    <subfield code="d">2016-11-26</subfield>
    <subfield code="l">0</subfield>
    <subfield code="o">547.2 NOR</subfield>
    <subfield code="p">001797</subfield>
    <subfield code="r">2016-11-26 00:00:00</subfield>
    <subfield code="w">2016-11-26</subfield>
    <subfield code="y">REF</subfield>
  </datafield>
</record>
